Stolice afrykańskie - Statystyki

Ogólne statystyki
  • Ten quiz został rozwiązany 727 razy
  • Średni wynik to 24 z 54
Odpowiedzi na mapie
Odpowiedzi zakodowano w zielono-czerwonej skali na mapie do tego quizu, zgodnie z poniższymi procentami.
 
Statystyki odpowiedzi
Odpowiedź % Poprawnych
Algier
87%
Kair
84%
Rabat
79%
Tunis
79%
Trypolis
76%
Antananarywa
68%
Addis Abeba
65%
Dżibuti
65%
Nairobi
65%
Chartum
63%
Pretoria
63%
Kinszasa
59%
Mogadiszu
54%
Ndżamena
53%
Dakar
51%
Bissau
48%
Brazzaville
48%
Abudża
46%
Niamey
46%
Dodoma
45%
Luanda
45%
Asmara
43%
Kampala
42%
Akra
41%
Dżuba
41%
São Tomé
41%
Freetown
40%
Maputo
39%
Windhuk
39%
Bangi
37%
Gaborone
37%
Harare
37%
Lomé
37%
Jaunde
36%
Jamasukro
35%
Kigali
35%
Libreville
35%
Lusaka
35%
Mbabane
34%
Nawakszut
34%
Wagadugu
34%
Lilongwe
33%
Porto-Novo
32%
Victoria
32%
Maseru
31%
Konakry
30%
Bamako
29%
Bandżul
29%
Bużumbura
28%
Port Louis
27%
Praia
27%
Malabo
26%
Monrowia
26%
Moroni
21%
Nie znaleziono quizów pasujących do podanych kryteriów
Rozkład punktacji
Procent ludzi z każdym wynikiem
Percentyl według liczby udzielonych odpowiedzi
Twoja historia wyników
Nie rozwiązałeś tego quizu